Statistics for Superbowl film trailers-2019

Click here to take the quiz!

General Stats

  • This quiz has been taken 7 times
  • The average score is 3 of 8

Answer Stats

Hint Film % Correct
ToysToy Story 4
86%
MarvelAvengers: Endgame
86%
MarvelCaptain Marvel
71%
Fast and the FuriousHobbs and Shaw
57%
DCBirds of Prey
14%
Sci-fiAlite: Battle Angel
0%
HorrorScary Stories to tell in the Dark
0%
AnimalsWonder Park
0%

Score Distribution

Percentile by Number Answered

Percent of People with Each Score

Your Score History

You have not taken this quiz